000 01127cam a2200301Ia 4500
999 _c196
_d196
001 11850
003 GBCCL
005 20241126110332.0
008 780222s1898 iluh b 00010 eng d
035 _aOCM03660505
040 _aBCT
_cBCT
_dm.c.
_dLBB
049 _aLBBK
_aLBBA
082 _a220.12
_bLEA
090 _aBS445
_b.L36
092 _bL434
100 1 _aLeach, Charles,
_d1847-
_910426
245 1 0 _aOur Bible /
_cby Charles Leach, R. A. Torrey.
260 _aChicago, [Ill.] :
_bMoody Press,
_cc1898.
300 _a132 p. :
_bfacsims. ;
_c18 cm.
490 0 _aThe Moody colportage library ;
_v64
504 _aIncludes bibliographical references.
505 0 _aLeach, C. How we got it: The New Testament. The Old Testament. Our English Bible.--Torrey, R. A. Ten reasons why I believe the Bible is the word of God.
630 0 0 _aBible
_xHistory.
_91573
630 0 0 _aBible
_xEvidences, authority, etc.
_9351
700 1 _aTorrey, R. A.
_q(Reuben Archer),
_d1856-1928.
_9598
700 1 _aTorrey, R. A.
_q(Reuben Archer),
_d1856-1928.
_tTen reasons why I believe the Bible is the word of God.
_910427
942 _2ddc
_cBK
_03